000 00296nam a22001337a 4500
020 _a817826167-7
082 _a823
_bMEL/M
100 _aHERMAN MELVILLE
245 _aMOBY DICK
260 _aDELHI
_bROHAN BOOK COMPANY
_c2003
300 _a222
650 _aMODERN ILLUSTRATION CLASSICS
942 _cBK
999 _c335
_d335